| 000 | 00410nam a22001697a 4500 | ||
|---|---|---|---|
| 005 | 20260408161549.0 | ||
| 008 | 160628b xxu||||| |||| 00| 0 eng d | ||
| 020 | _a978-0-141-03148-4 | ||
| 041 | _aeng | ||
| 082 | _a330.0152 | ||
| 100 |
_aTaleb, Nassim Nicholas _93047 |
||
| 245 | _aFooled ley randomness | ||
| 260 |
_bPenguin India _c2007 |
||
| 300 | _a262 | ||
| 650 |
_aeconomic theory _98966 |
||
| 942 | _cBK | ||
| 999 |
_c4421 _d4420 |
||